00561nam a2200169Ia 4500008004100000020001300041041000800054082001700062100003600079245002700115250000600142260006100148300000800209650001800217999001900235952013700254210716s2004 xx 000 0 und d a70447594 aeng a005.133 SELS aSelvi, S Thamarai;Murugesan, R. aTest your skills in c. a2 aNew DelhibTata McGraw Hill Publishing Company Ltdc2004 a312 aC Programming c193624d193624 001040708MCAaAIMITbAIMITeHigginbothams Pvt Ltdg290.00l0o005.133 SELSpMCA13132r2025-07-21 00:00:00v217.50w2021-07-16yBK